Popularne imiona żeńskie na literę "A" - Statystyki

Ogólne statystyki
  • Ten quiz został rozwiązany 94 razy
  • Średni wynik to 10 z 18
Statystyki odpowiedzi
Imię % Poprawnych
Anna
98%
Alicja
77%
Agnieszka
72%
Aleksandra
67%
Adrianna
65%
Agata
64%
Ada
60%
Amelia
59%
Anastazja
56%
Aneta
54%
Alina
51%
Andżelika
43%
Anita
43%
Antonina
42%
Adela
38%
Amanda
32%
Aldona
31%
Adelajda
15%
Nie znaleziono quizów pasujących do podanych kryteriów
Rozkład punktacji
Procent ludzi z każdym wynikiem
Percentyl według liczby udzielonych odpowiedzi
Twoja historia wyników
Nie rozwiązałeś tego quizu